[Event "ENCI Limburg-open C"]
[Site "Maastricht"]
[Date "2010.05.24"]
[Round "7"]
[White "Van Velthoven, Paul"]
[Black "Veelenturf, Wim"]
[Result "1/2-1/2"]
[WhiteElo "1416"]
[BlackElo "1719"]
[PlyCount "52"]
[EventDate "2010.05.21"]
[EventType "swiss"]
[EventRounds "7"]
[EventCountry "NED"]
[Source "P.Boonen"]
[SourceDate "2010.10.01"]

1. e4 c6 2. d4 d5 3. e5 Bf5 4. g4 Bg6 5. h4 h5 6. e6 fxe6 7. Bh3 hxg4 8. Bxg4
Bf5 9. Bxf5 exf5 10. Nf3 Qd6 11. Ne5 Nd7 12. Bf4 Nxe5 13. Bxe5 Qg6 14. Qf3 Nf6
15. Nc3 Qg4 16. Qxg4 Nxg4 17. Bf4 e6 18. f3 Nf6 19. O-O-O Kd7 20. Ne2 Nh5 21.
Bg5 Bd6 22. Rhg1 Raf8 23. Rg2 Rf7 24. f4 b6 25. Rd3 b5 26. Kd2 a5 1/2-1/2

[Event "ENCI Limburg-open C"]
[Site "Maastricht"]
[Date "2010.05.24"]
[Round "7"]
[White "Van der Heijden, Arnold"]
[Black "Keetman, Stef"]
[Result "1-0"]
[WhiteElo "1618"]
[BlackElo "1431"]
[PlyCount "69"]
[EventDate "2010.05.21"]
[EventType "swiss"]
[EventRounds "7"]
[EventCountry "NED"]
[Source "P.Boonen"]
[SourceDate "2010.10.01"]

1. e4 c5 2. Nf3 Nc6 3. d4 cxd4 4. Nxd4 g6 5. Be3 Bg7 6. Bc4 Nf6 7. Nc3 Qa5 8.
O-O O-O 9. Nb3 Qc7 10. f3 a6 11. Be2 d6 12. Qc1 Be6 13. Kh1 Ne5 14. f4 Nc4 15.
Bf2 Nxb2 16. Bd4 Nc4 17. f5 Bd7 18. Rb1 Ne5 19. h3 Qc8 20. g4 h5 21. Qf4 Nc6
22. Bxf6 Bxf6 23. Nd5 Bg7 24. gxh5 e6 25. Nb6 Qd8 26. Nxa8 exf5 27. hxg6 fxg6
28. Qxd6 Qh4 29. Kg2 Qxe4+ 30. Bf3 Qxc2+ 31. Kh1 Be5 32. Qxg6+ Kh8 33. Qh6+ Kg8
34. Bd5+ Rf7 35. Rg1+ 1-0

[Event "ENCI Limburg-open C"]
[Site "Maastricht"]
[Date "2010.05.24"]
[Round "7"]
[White "Vincent, Ayla"]
[Black "De Ridder, Gertie"]
[Result "0-1"]
[WhiteElo "1096"]
[BlackElo "1248"]
[PlyCount "72"]
[EventDate "2010.05.21"]
[EventType "swiss"]
[EventRounds "7"]
[EventCountry "NED"]
[Source "P.Boonen"]
[SourceDate "2010.10.01"]

1. e4 e5 2. Nf3 Nc6 3. Bc4 Nf6 4. Ng5 d5 5. exd5 Nxd5 6. d3 Be6 7. Qf3 Nd4 8.
Qd1 Be7 9. Nxe6 Nxe6 10. O-O Qd7 11. Bd2 O-O-O 12. Nc3 Nxc3 13. Bxc3 f6 14. Bd2
Bc5 15. Qf3 Nd4 16. Qe4 Nxc2 17. Rac1 Nd4 18. Ba6 Qd5 19. Bxb7+ Kxb7 20. Rxc5
Qxe4 21. dxe4 Ne2+ 22. Kh1 Rxd2 23. Rfc1 Rc8 24. Re1 Rcd8 25. h3 Rxb2 26. a4
Rd4 27. Rb5+ Rxb5 28. axb5 Rxe4 29. Kh2 f5 30. f3 Re3 31. g3 g5 32. Kg2 f4 33.
Kf2 Nd4 34. Rxe3 fxe3+ 35. Kxe3 Nxb5 36. Ke4 Nd4 0-1

[Event "ENCI Limburg-open C"]
[Site "Maastricht"]
[Date "2010.05.24"]
[Round "7"]
[White "Weerts, Rene"]
[Black "Rahangmetan, Derek Jan"]
[Result "0-1"]
[WhiteElo "1672"]
[BlackElo "1561"]
[PlyCount "58"]
[EventDate "2010.05.21"]
[EventType "swiss"]
[EventRounds "7"]
[EventCountry "NED"]
[Source "P.Boonen"]
[SourceDate "2010.10.01"]

1. d4 d5 2. Nf3 Nf6 3. c3 b6 4. Bf4 Nbd7 5. Nbd2 Bb7 6. e3 e6 7. Bd3 Be7 8. O-O
Ne4 9. Ne5 Nxe5 10. dxe5 O-O 11. Qc2 Nxd2 12. Qxd2 Bg5 13. Bxg5 Qxg5 14. f4 Qe7
15. Rf3 f5 16. exf6 Rxf6 17. Rh3 g6 18. Rf1 c5 19. Rff3 c4 20. Bb1 d4 21. Rfg3
d3 22. b3 b5 23. Rh6 Kg7 24. Rgh3 Rh8 25. g4 Qc5 26. b4 Qd5 27. Bxd3 cxd3 28.
g5 Qh1+ 29. Kf2 Qg2+ 0-1

[Event "ENCI Limburg-open C"]
[Site "Maastricht"]
[Date "2010.05.24"]
[Round "7"]
[White "Van Ginneken, Maikel"]
[Black "Dubbeldam, Lydia"]
[Result "1-0"]
[WhiteElo "1331"]
[BlackElo "1107"]
[PlyCount "139"]
[EventDate "2010.05.21"]
[EventType "swiss"]
[EventRounds "7"]
[EventCountry "NED"]
[Source "P.Boonen"]
[SourceDate "2010.10.01"]

1. d4 d5 2. c4 e5 3. dxe5 d4 4. Nf3 Nc6 5. e3 Bb4+ 6. Bd2 dxe3 7. fxe3 Bg4 8.
Be2 Bxf3 9. Bxf3 Qh4+ 10. g3 Qxc4 11. Bxc6+ bxc6 12. Bxb4 Qxb4+ 13. Qd2 Qxd2+
14. Nxd2 Ne7 15. O-O O-O 16. Rad1 Nd5 17. Nc4 Rad8 18. Kf2 f6 19. Ke2 Rde8 20.
exf6 Rxf6 21. Rxf6 Nxf6 22. Kf3 Re4 23. b3 c5 24. Rd8+ Re8 25. Rxe8+ Nxe8 26.
Na5 Nd6 27. Nc6 a6 28. Nb8 a5 29. Na6 c4 30. bxc4 Nxc4 31. Nxc7 Nd2+ 32. Kf4 h6
33. e4 g5+ 34. Kf5 Nf1 35. Kf6 Nxh2 36. e5 Ng4+ 37. Kf5 Ne3+ 38. Ke6 Kf8 39.
Kd7 Nf5 40. e6 Ne7 41. Nb5 h5 42. Nd4 h4 43. g4 h3 44. Nf3 Ng6 45. a4 Ne7 46.
Kc7 Nd5+ 47. Kc6 Nf4 48. Kb5 Nxe6 49. Kxa5 Nd4 50. Nh2 Ke7 51. Kb6 Nb3 52. Kb5
Kd7 53. Kc4 Na5+ 54. Kd5 Ke7 55. Ke5 Nc6+ 56. Kf5 Kf7 57. Kxg5 Kg7 58. Kh4 Kh6
59. Kxh3 Kg5 60. Nf3+ Kg6 61. Kh4 Ne7 62. a5 Nc6 63. a6 Kh6 64. g5+ Kg6 65.
Ne5+ Nxe5 66. a7 Nf3+ 67. Kg3 Nxg5 68. a8=Q Kf7 69. Qb7+ Ke6 70. Qc6+ 1-0

[Event "ENCI Limburg-open C"]
[Site "Maastricht"]
[Date "2010.05.24"]
[Round "7"]
[White "Parren, Ashley"]
[Black "De Coninck, Erik"]
[Result "0-1"]
[WhiteElo "1250"]
[BlackElo "1149"]
[PlyCount "98"]
[EventDate "2010.05.21"]
[EventType "swiss"]
[EventRounds "7"]
[EventCountry "NED"]
[Source "P.Boonen"]
[SourceDate "2010.10.01"]

1. d4 Nf6 2. Nf3 d5 3. e3 Bg4 4. Nbd2 Nc6 5. b3 e6 6. h3 Bf5 7. Bb2 Bd6 8. Ne5
Nb4 9. a3 Nxc2+ 10. Ke2 Nxa1 11. Qxa1 Bxe5 12. dxe5 Ne4 13. Nf3 Bg6 14. g3 f5
15. b4 Bh5 16. Bg2 Bxf3+ 17. Bxf3 Qd7 18. a4 Qc6 19. Ke1 Qc2 20. Bxe4 Qxe4 21.
Rh2 Qxb4+ 22. Bc3 Qb3 23. Kd2 O-O-O 24. Rh1 Rhf8 25. Qb2 Qc4 26. Bb4 Rf7 27.
Qb1 b6 28. Rc1 Qe4 29. Rc2 d4 30. Bd6 dxe3+ 31. fxe3 Qg2+ 32. Kd3 Qxg3 33. Qc1
Rdd7 34. Qf1 Kb8 35. Rg2 Qxe5 36. Ke2 Qxd6 37. Qc1 Qd3+ 38. Ke1 Qd5 39. Rh2 Qe5
40. Rg2 Qa5+ 41. Kf1 Qd5 42. Rh2 Qd1+ 43. Qxd1 Rxd1+ 44. Kg2 Rd2+ 45. Kg3 Rxh2
46. Kxh2 f4 47. exf4 Rxf4 48. Kg3 Rxa4 49. h4 g6 0-1

[Event "ENCI Limburg-open C"]
[Site "Maastricht"]
[Date "2010.05.24"]
[Round "7"]
[White "Beaumont, Thierry"]
[Black "Ucaroglu, Melih Furkan"]
[Result "0-1"]
[WhiteElo "1147"]
[BlackElo "1414"]
[PlyCount "106"]
[EventDate "2010.05.21"]
[EventType "swiss"]
[EventRounds "7"]
[EventCountry "NED"]
[Source "P.Boonen"]
[SourceDate "2010.10.01"]

1. e4 c5 2. Nf3 e6 3. Nc3 a6 4. Bc4 b5 5. Bf1 Bb7 6. e5 d6 7. a3 Nd7 8. exd6
Bxd6 9. d4 Bxf3 10. gxf3 cxd4 11. Qxd4 Bc5 12. Qxg7 Qf6 13. Qxf6 Ngxf6 14. Ne4
Nxe4 15. fxe4 Ne5 16. Bg2 Rg8 17. Rg1 Nf3+ 18. Bxf3 Rxg1+ 19. Ke2 O-O-O 20. Bh5
Rdd1 21. Bxf7 Rxc1 22. Bxe6+ Kc7 23. Rxc1 Rxc1 24. b4 Bb6 25. Kd2 Rf1 26. Ke2
Rxf2+ 27. Kd3 Rxh2 28. c4 bxc4+ 29. Bxc4 a5 30. bxa5 Bxa5 31. e5 Kd7 32. e6+
Ke7 33. Ke4 h5 34. Ke5 h4 35. a4 h3 36. Bf1 Rg2 37. Kf4 Rf2+ 38. Kg3 Rxf1 39.
Kxh3 Kxe6 40. Kg2 Ra1 41. Kf3 Kd5 42. Kf4 Re1 43. Kf3 Kd4 44. Kf4 Rf1+ 45. Kg5
Ke4 46. Kg6 Ke5 47. Kg5 Rg1+ 48. Kh4 Kf4 49. Kh5 Rg2 50. Kh6 Kf5 51. Kh7 Kf6
52. Kh8 Kf7 53. Kh7 Rh2# 0-1

[Event "ENCI Limburg-open C"]
[Site "Maastricht"]
[Date "2010.05.24"]
[Round "7"]
[White "Snoeks, Pieter Jan"]
[Black "Vincent, Gwijde"]
[Result "1/2-1/2"]
[WhiteElo "1388"]
[BlackElo "1701"]
[PlyCount "122"]
[EventDate "2010.05.21"]
[EventType "swiss"]
[EventRounds "7"]
[EventCountry "NED"]
[Source "P.Boonen"]
[SourceDate "2010.10.01"]

1. d4 d5 2. Bf4 Nf6 3. Nf3 Bf5 4. e3 Nbd7 5. Nbd2 e6 6. Be2 c5 7. c3 cxd4 8.
cxd4 Rc8 9. Rc1 Bb4 10. O-O O-O 11. a3 Bxd2 12. Qxd2 Ne4 13. Qb4 Qb6 14. Qxb6
Nxb6 15. Bd3 Ng3 16. Bxg3 Bxd3 17. Rfe1 Na4 18. b3 Nc3 19. Kh1 f6 20. Bd6 Rfe8
21. Bc5 Ne4 22. Kg1 b6 23. Bb4 a5 24. Bd2 Nxd2 25. Nxd2 e5 26. dxe5 fxe5 27.
Nf3 h6 28. Rxc8 Rxc8 29. Nxe5 Rc3 30. Nxd3 Rxd3 31. Rb1 b5 32. g3 Kf7 33. Kg2
Kf6 34. Kf3 g5 35. h3 h5 36. a4 b4 37. Ke2 Rc3 38. Rd1 Ke5 39. f4+ gxf4 40.
gxf4+ Ke4 41. Rd4+ Kf5 42. Rxd5+ Ke6 43. Rxa5 Rxb3 44. Rb5 Rb1 45. a5 Ra1 46.
Rxb4 Rxa5 47. Kf3 Kf5 48. e4+ Kg6 49. Kg3 Ra3+ 50. Kh4 Rf3 51. Rb6+ Kf7 52. f5
Rf4+ 53. Kxh5 Rxe4 54. h4 Rf4 55. Kg5 Rf1 56. h5 Rg1+ 57. Kh6 Rg2 58. Rg6 Rf2
59. Rg7+ Kf6 60. Rg8 Kf7 61. Rg5 Kf6 1/2-1/2

[Event "ENCI Limburg-open C"]
[Site "Maastricht"]
[Date "2010.05.24"]
[Round "7"]
[White "Maessen, Roy"]
[Black "Braam, Marco"]
[Result "1/2-1/2"]
[WhiteElo "1703"]
[BlackElo "1675"]
[PlyCount "133"]
[EventDate "2010.05.21"]
[EventType "swiss"]
[EventRounds "7"]
[EventCountry "NED"]
[Source "P.Boonen"]
[SourceDate "2010.10.01"]

1. d4 Nf6 2. Nf3 e6 3. e3 d5 4. Bd3 c5 5. b3 Nc6 6. a3 cxd4 7. exd4 Bd6 8. Bb2
O-O 9. Ne5 Qc7 10. f4 Ne7 11. Nd2 Ng6 12. O-O Nd7 13. Qf3 Bxe5 14. fxe5 f5 15.
g4 Nb6 16. g5 Qe7 17. Qg3 Rf7 18. h4 Nf8 19. Kf2 g6 20. Rh1 Bd7 21. Qf4 Bc6 22.
Rh2 Rg7 23. Rah1 Be8 24. Be2 Rc8 25. c3 Na8 26. h5 gxh5 27. Bxh5 Qxg5 28. Qxg5
Rxg5 29. Bxe8 Rxe8 30. Nf3 Rg4 31. a4 Rg7 32. Ba3 Nc7 33. Rh6 Ng6 34. Ng5 Nxe5
35. Rxh7 Ng4+ 36. Kf3 Rxg5 37. Rxc7 Rg7 38. Rxg7+ Kxg7 39. Bd6 Rc8 40. Bb4 Kg6
41. Re1 Kf6 42. Rh1 Kg6 43. Re1 Re8 44. Bd6 a6 45. c4 dxc4 46. bxc4 Kf7 47. Rb1
b5 48. axb5 axb5 49. Rxb5 Rc8 50. c5 Nf6 51. Rb7+ Kg6 52. Rc7 Rxc7 53. Bxc7 Nd5
54. Be5 Kf7 55. Bd6 Nb4 56. Kg3 Nc6 57. d5 exd5 58. Kf4 Ke6 59. Bc7 d4 60. Kf3
Kd5 61. Bf4 Kxc5 62. Bc1 Ne5+ 63. Kg3 Nd3 64. Bh6 f4+ 65. Kf3 Kc4 66. Ke4 Kc3
67. Bg7 1/2-1/2

[Event "ENCI Limburg-open C"]
[Site "Maastricht"]
[Date "2010.05.24"]
[Round "7"]
[White "Ramaekers, Philippe"]
[Black "Reyskens, Jules"]
[Result "0-1"]
[WhiteElo "1601"]
[BlackElo "1631"]
[PlyCount "92"]
[EventDate "2010.05.21"]
[EventType "swiss"]
[EventRounds "7"]
[EventCountry "NED"]
[Source "P.Boonen"]
[SourceDate "2010.10.01"]

1. e4 e5 2. f4 exf4 3. Nf3 Be7 4. Bc4 Nf6 5. e5 Ng4 6. d4 d5 7. exd6 Qxd6 8.
O-O O-O 9. c3 Nc6 10. h3 Ne3 11. Bxe3 fxe3 12. Qe2 Bf5 13. Qxe3 Rae8 14. Nbd2
Bd8 15. Qf2 Bg6 16. Rae1 Qf4 17. b4 Bf6 18. Bb5 a6 19. Bxc6 bxc6 20. Ne5 Qxf2+
21. Rxf2 Bh4 22. Ref1 Bxf2+ 23. Kxf2 Re6 24. Ndf3 Rfe8 25. a4 f6 26. Nd7 Re2+
27. Kg3 Rc2 28. Nc5 Rxc3 29. Nxa6 Ra8 30. Nc5 Rc4 31. a5 Rxb4 32. a6 Bf7 33.
Ra1 Bd5 34. Rd1 Bc4 35. Ra1 Be2 36. Ng1 Bh5 37. Ne6 Bf7 38. Nxc7 Ra7 39. Nf3
Rb8 40. d5 Rxc7 41. dxc6 Rxc6 42. a7 Ra8 43. Nd4 Rb6 44. Ra3 Rb7 45. Nc6 Be8
46. Nb8 Rbxa7 0-1

[Event "ENCI Limburg-open C"]
[Site "Maastricht"]
[Date "2010.05.24"]
[Round "7"]
[White "Geene, Patrick"]
[Black "De Bruin, Joost"]
[Result "0-1"]
[WhiteElo "1548"]
[BlackElo "1314"]
[PlyCount "126"]
[EventDate "2010.05.21"]
[EventType "swiss"]
[EventRounds "7"]
[EventCountry "NED"]
[Source "P.Boonen"]
[SourceDate "2010.10.01"]

1. e4 e6 2. d4 d5 3. exd5 exd5 4. Nc3 Nf6 5. Qe2+ Be6 6. g3 Nc6 7. Nf3 Qd7 8.
Bg2 Be7 9. Bd2 Bh3 10. Bxh3 Qxh3 11. O-O-O O-O 12. Qb5 Nd8 13. Rde1 c6 14. Qf1
Qd7 15. h4 Ne6 16. Qd3 a5 17. Ng5 Bb4 18. Nxe6 fxe6 19. f3 b5 20. Ne2 Bxd2+ 21.
Kxd2 c5 22. Nf4 c4 23. Qf1 Rfe8 24. Qh3 Ra6 25. c3 b4 26. g4 Qd6 27. Qh2 bxc3+
28. bxc3 Qa3 29. g5 Rb6 30. Ke3 Qxc3+ 31. Kf2 Qxd4+ 32. Kg3 Nd7 33. Qh3 Nf8 34.
h5 e5 35. Ne2 Qc5 36. Qf5 Qc8 37. Qc2 Qb8 38. g6 e4+ 39. f4 h6 40. Qd2 Rb5 41.
Nc3 Rc5 42. Na4 Rb5 43. Nc3 Rc5 44. Na4 e3 45. Rxe3 Rxe3+ 46. Qxe3 Rc6 47. Nc3
Qd8 48. Rd1 Re6 49. Qf3 d4 50. Ne4 d3 51. Nc3 Qd4 52. Nd5 Nd7 53. f5 Re8 54.
Rd2 Nf6 55. Nxf6+ gxf6 56. Kg2 Qe4 57. Kg3 Qxf3+ 58. Kxf3 Rc8 59. Ke3 c3 60.
Rd1 d2 61. Rf1 Re8+ 62. Kd3 Re1 63. Kxc3 d1=Q 0-1

[Event "ENCI Limburg-open C"]
[Site "Maastricht"]
[Date "2010.05.24"]
[Round "7"]
[White "Bex, Lennert"]
[Black "Brone, Steven"]
[Result "1-0"]
[WhiteElo "1235"]
[BlackElo "1463"]
[PlyCount "111"]
[EventDate "2010.05.21"]
[EventType "swiss"]
[EventRounds "7"]
[EventCountry "NED"]
[Source "P.Boonen"]
[SourceDate "2010.10.01"]

1. d4 d5 2. Nf3 e6 3. Bf4 Bd6 4. Bg3 Bxg3 5. hxg3 Nf6 6. e3 Nbd7 7. Bd3 c5 8.
c3 a6 9. Qc2 h6 10. Nbd2 b5 11. O-O c4 12. Be2 Bb7 13. a4 O-O 14. b3 Qc7 15.
Qb2 Qd6 16. bxc4 dxc4 17. axb5 Rfb8 18. Nxc4 Qe7 19. Nce5 axb5 20. Nxd7 Nxd7
21. Rxa8 Bxa8 22. Nd2 b4 23. Rc1 bxc3 24. Qxc3 Nf6 25. Qd3 Qb4 26. Rb1 Qd6 27.
Rxb8+ Qxb8 28. Qa6 Qb7 29. Qxb7 Bxb7 30. f4 g6 31. Kf2 Ne4+ 32. Nxe4 Bxe4 33.
Bf3 Bd3 34. e4 Bc4 35. g4 f6 36. Be2 Bxe2 37. Kxe2 Kf7 38. Kf3 Ke7 39. g5 hxg5
40. fxg5 f5 41. e5 Kd7 42. g4 fxg4+ 43. Kxg4 Kc6 44. Kf4 Kd5 45. Ke3 Kc6 46.
Ke4 Kd7 47. Kd3 Kc7 48. Kc3 Kd7 49. Kb4 Kd8 50. Kb5 Kc7 51. Kc5 Kd7 52. Kb6 Kd8
53. Kc6 Ke7 54. Kc7 Kf8 55. Kd6 Kf7 56. Kd7 1-0